Sports Quiz

Random Sports or Hockey Quiz

Nottingham Panthers Team 2013 - 2014 Quiz Stats

 Plays Quiz not verified by Sporcle

Challenge
Share
Tweet
Embed
Score 0/30 Timer 06:00
0 Plays Today
Panthers Team 2013 -2014 season Answer % Correct
34Dan Green
96.3%
33Craig Kowalski
92.6%
5David Clarke
85.2%
43Brent Henley
74.1%
2Tom Norton
74.1%
45Stevie Lee
66.7%
19Robert Farmer
66.7%
68Eric Werner
63%
26Brandon Benedict
55.6%
7Robert Lachowicz
55.6%
89Jonathan Boxill
51.9%
24Leigh Salters
51.9%
41Greg Jacina
48.1%
17Matt Francis
44.4%
9Bob Wren
40.7%
Panthers Team 2013 -2014 season Answer % Correct
1Neil Conway
37%
44Phil Oreskovic
37%
15Petr Kalus
37%
21Matt Ryan
37%
20Chris Murray
33.3%
14Jonathan Weaver
33.3%
27Lynn Loyns
25.9%
41Nick Anderson
22.2%
31Sam Gospel
22.2%
23Chris Capraro
18.5%
61Joonas Saari
18.5%
73Tuukka Makela
11.1%
6Joe Jensen
11.1%
51Oliver Betteridge
7.4%
4Joe Girmaldi
3.7%

You're not logged in!

Compare scores with friends on all Sporcle quizzes.
Join for Free
OR
Log In

You Might Also Like...

Show Comments

Extras

Created Jul 8, 2014ReportNominate
Tags:Hockey Quiz

Top Quizzes Today


Score Distribution

Your Account Isn't Verified!

In order to create a playlist on Sporcle, you need to verify the email address you used during registration. Go to your Sporcle Settings to finish the process.

Report this User

Report this user for behavior that violates our Community Guidelines.

Details: